| 000 | 00863 a2200193 4500 | ||
|---|---|---|---|
| 003 | Nust | ||
| 005 | 20230529131511.0 | ||
| 010 | _a 95049957 | ||
| 040 | _cNust | ||
| 082 | 0 | 0 | _a005.11,SHA |
| 100 | 1 |
_aShaw, Mary, _994933 |
|
| 245 | 1 | 0 |
_aSoftware architecture : _bperspectives on an emerging discipline / _cMary Shaw, David Garlan ; [foreword by Barry Boehm]. |
| 260 |
_aUpper Saddle River, N.J. : _bPrentice Hall, _cc1996. |
||
| 300 |
_axxi, 242 p. : _bill. ; _c24 cm. |
||
| 505 | _aIntroduction (Page-1), Architectural Styles (Page-19), Case Studies (Page-33), Shared Information Systems (Page-69), Architectural Design Guidance (Page-97),Formal Models & Specification (Page-129), Linguistics Issues (Page-183), Education of Software Architects (Page-213). | ||
| 650 | 0 |
_aSoftware architecture. _929189 |
|
| 700 | 1 |
_aGarlan, David. _994934 |
|
| 942 |
_cREF _2ddc |
||
| 999 |
_c174707 _d174707 |
||